| 000 | 00940nam a22002891 4500 | ||
|---|---|---|---|
| 001 | 143683 | ||
| 003 | SpMaBN | ||
| 005 | 20250915063056.0 | ||
| 008 | 981210s1965 sp spa | ||
| 016 | 7 |
_abimoBNE20000173494 _zIND9800830059 _2SpMaBN |
|
| 017 |
_aPM 1125-1965 _bOficina Depósito Legal Mallorca |
||
| 035 | _a(OCoLC)432714135 | ||
| 040 |
_aSpMaBN _bspa _cCDM _dES-MaACL |
||
| 080 | _a86-7"19" | ||
| 100 |
_aSerra, Cristóbal, _d1922-2012 _0XX1035394 _9227267 |
||
| 245 | 1 | 0 | _aViaje a Cotiledonia |
| 260 |
_aPalma de Mallorca : _bCort, _c1965 |
||
| 300 |
_a104 p., 2 h. ; _c19 cm |
||
| 650 | 7 |
_9148763 _aLiteratura española _yS.XX |
|
| 852 |
_aES-MaACL _bR.56907 _cDEPO2 _jC-28317 _9148871 |
||
| 942 |
_2udc _cMONOGRAFIA |
||
| 956 | _a1 | ||
| 980 |
_aSpMaBN _bBNMADRID _jVC/5943/8 _cSG_RECOLET |
||
| 980 |
_aSpMaBN _bBNMADRID _jVC/5943/9 _cSG_RECOLET |
||
| 999 |
_c143683 _d143683 |
||